Diseno y construccion de un control de carga para minicentrales hidroelectricas
Збережено в:
| Автор: | |
|---|---|
| Формат: | Дисертація Книга |
| Мова: | Undetermined |
| Опубліковано: |
1982
|
| Предмети: | |
| Теги: |
Додати тег
Немає тегів, Будьте першим, хто поставить тег для цього запису!
|
MARC
| LEADER | 00000nam a2200000Ia 4500 | ||
|---|---|---|---|
| 001 | 1949 | ||
| 008 | 140114s9999 xx 000 0 und d | ||
| 100 | |a Roldan, William | ||
| 245 | |a Diseno y construccion de un control de carga para minicentrales hidroelectricas | ||
| 260 | |c 1982 | ||
| 500 | |a NULL | ||
| 502 | |a Escuela de ingenieria Electrica | ||
| 650 | |z CONTROL DE CARGA | ||
| 999 | |c 11463 |d 11463 | ||
